000 00701nam a2200253Ia 4500
003 OSt
005 20221007064813.0
006 a|||||r|||| 00| 0
007 ta
008 221006b |||||||| |||| 00| 0 eng d
024 _a15,110
037 _cReports / Technical Reports
040 _aFLL
_cFLL
_beng
041 _2eng
_aeng
082 _aX:93.2.N7t, L3.3
110 _aGovt. of India
245 0 _aReport of the third central pay commission 1973
260 _aDelhi
_bMinistry of Finance India
_c1973
300 _a60p
_ccm.
490 _vVol.3
700 _aGovt. of India
942 _hX:93.2.N7t, L3.3
_cREP
_2CC
999 _c1135408
_d1135408